Lettres d'un provincial; (Record no. 3224)
[ view plain ]
| 000 -LEADER | |
|---|---|
| fixed length control field | 00835cam a22002531 4500 |
| 001 - CONTROL NUMBER | |
| control field | af 47005648 |
| 003 - CONTROL NUMBER IDENTIFIER | |
| control field | DLC |
| 005 - DATE AND TIME OF LATEST TRANSACTION | |
| control field | 20260227110833.0 |
| 008 - FIXED-LENGTH DATA ELEMENTS--GENERAL INFORMATION | |
| fixed length control field | 870504s1944 be 000 0 fre |
| 010 ## - LIBRARY OF CONGRESS CONTROL NUMBER | |
| LC control number | af 47005648 |
| 035 ## - SYSTEM CONTROL NUMBER | |
| System control number | (OCoLC)23401669 |
| 040 ## - CATALOGING SOURCE | |
| Original cataloging agency | DLC |
| Transcribing agency | MiU |
| Modifying agency | DLC |
| 042 ## - AUTHENTICATION CODE | |
| Authentication code | premarc |
| 050 00 - LIBRARY OF CONGRESS CALL NUMBER | |
| Classification number | D802.B4 |
| Item number | C6 |
| 100 0# - MAIN ENTRY--PERSONAL NAME | |
| Personal name | Cleandre pseud. |
| 245 10 - TITLE STATEMENT | |
| Title | Lettres d'un provincial; |
| Remainder of title | ou, Les nouveaux propos du conseiller Eudoxe. |
| 260 ## - PUBLICATION, DISTRIBUTION, ETC. | |
| Place of publication, distribution, etc. | Bruxelles, |
| Name of publisher, distributor, etc. | Bruylant, |
| Date of publication, distribution, etc. | 1944. |
| 300 ## - PHYSICAL DESCRIPTION | |
| Extent | 137 p. |
| Dimensions | 18 cm. |
| 490 0# - SERIES STATEMENT | |
| Series statement | Le rond-point, |
| Volume/sequential designation | 8 |
| 500 ## - GENERAL NOTE | |
| General note | Deuxième de la série 'Essais et documents." |
| 500 ## - GENERAL NOTE | |
| General note | Seven letters, each signed: Cléandre. |
| 500 ## - GENERAL NOTE | |
| General note | The first series of "Lettres d'un provincial" was published clandestinely from 1916-1918. |
| 651 #0 - SUBJECT ADDED ENTRY--GEOGRAPHIC NAME | |
| Geographic name | Belgium |
| General subdivision | History |
| Chronological subdivision | German occupation, 1940-1945 |
No items available.